000 00744nam a2200253Ia 4500
003 OSt
005 20221005050547.0
006 a|||||r|||| 00| 0
007 ta
008 221004b |||||||| |||| 00| 0 urd d
020 _cINR 300.00
024 _a67992
037 _b2379, 19/02/2020, M.R.Publications
_cTextual
040 _aCRL
_cCRL
_burd
041 _2urd
_aurd
082 _aO168,3NNA1x, Q3
100 _aNaeem Zemar Au.
_9594889
245 0 _aEjaz-e-muhabbat
260 _aLahore
_bKhazina ilm-o-adab Pakistan
_c2013
300 _a400p.
_ccm.
650 _aURDU FICTION
_93298
942 _hO168,3NNA1x, Q3
_cTEXL
_2cc
999 _c957272
_d957272